黄河干流流经的县级行政单位 - Statistics

General Stats
  • This quiz has been taken 11 times
  • The average score is 90 of 141
Answers on the Map
Answers color-coded by a green-red scale on the quiz's map according to % correct below.
 
Answer Stats
Answer % Correct
中卫市 沙坡头区
100%
吴忠市 青铜峡市
100%
省直辖县级行政单位 济源市
100%
济南市 历城区
100%
果洛藏族自治州 玛沁县
90%
甘南藏族自治州 玛曲县
90%
临夏回族自治州 临夏县
90%
兰州市 城关区
90%
银川市 灵武市
90%
乌海市 海南区
90%
阿拉善盟 阿拉善左旗
90%
乌海市 海勃湾区
90%
榆林市 府谷县
90%
榆林市 神木市
90%
吕梁市 临县
90%
运城市 永济市
90%
渭南市 潼关县
90%
郑州市 荥阳市
90%
开封市 兰考县
90%
濮阳市 濮阳县
90%
济南市 槐荫区
90%
济南市 天桥区
90%
东营市 东营区
90%
东营市 垦利区
90%
果洛藏族自治州 玛多县
80%
兰州市 七里河区
80%
白银市 白银区
80%
中卫市 中宁县
80%
银川市 贺兰县
80%
乌海市 乌达区
80%
鄂尔多斯市 杭锦旗
80%
巴彦淖尔市 临河区
80%
鄂尔多斯市 准格尔旗
80%
渭南市 韩城市
80%
三门峡市 灵宝市
80%
三门峡市 陕州区
80%
运城市 夏县
80%
郑州市 巩义市
80%
郑州市 金水区
80%
濮阳市 范县
80%
济南市 长清区
80%
济南市 章丘区
80%
东营市 利津县
80%
阿坝藏族羌族自治州 若尔盖县
70%
海南藏族自治州 共和县
70%
海东市 民和回族土族自治县
70%
兰州市 西固区
70%
白银市 景泰县
70%
吴忠市 利通区
70%
银川市 永宁县
70%
石嘴山市 平罗县
70%
石嘴山市 惠农区
70%
鄂尔多斯市 鄂托克旗
70%
巴彦淖尔市 杭锦后旗
70%
包头市 九原区
70%
包头市 东河区
70%
包头市 土默特右旗
70%
吕梁市 兴县
70%
榆林市 吴堡县
70%
榆林市 绥德县
70%
延安市 延长县
70%
临汾市 吉县
70%
运城市 芮城县
70%
三门峡市 湖滨区
70%
郑州市 中牟县
70%
开封市 祥符区
70%
濮阳市 台前县
70%
泰安市 东平县
70%
滨州市 滨城区
70%
玉树藏族自治州 曲麻莱县
60%
黄南藏族自治州 河南蒙古族自治县
60%
临夏回族自治州 积石山保安族东乡族撒拉族自治县
60%
兰州市 安宁区
60%
兰州市 榆中县
60%
兰州市 皋兰县
60%
白银市 平川区
60%
银川市 兴庆区
60%
巴彦淖尔市 磴口县
60%
巴彦淖尔市 五原县
60%
巴彦淖尔市 乌拉特前旗
60%
呼和浩特市 托克托县
60%
呼和浩特市 清水河县
60%
吕梁市 石楼县
60%
延安市 延川县
60%
运城市 河津市
60%
渭南市 大荔县
60%
三门峡市 渑池县
60%
洛阳市 孟津区
60%
郑州市 惠济区
60%
菏泽市 东明县
60%
聊城市 东阿县
60%
济南市 平阴县
60%
滨州市 邹平市
60%
阿坝藏族羌族自治州 阿坝县
50%
海南藏族自治州 贵南县
50%
海东市 循化撒拉族自治县
50%
临夏回族自治州 永靖县
50%
鄂尔多斯市 达拉特旗
50%
忻州市 河曲县
50%
忻州市 保德县
50%
榆林市 佳县
50%
榆林市 清涧县
50%
洛阳市 新安县
50%
焦作市 孟州市
50%
焦作市 武陟县
50%
开封市 龙亭区
50%
新乡市 长垣县
50%
菏泽市 牡丹区
50%
菏泽市 郓城县
50%
德州市 齐河县
50%
济南市 济阳区
50%
滨州市 惠民县
50%
淄博市 高青县
50%
滨州市 博兴县
50%
果洛藏族自治州 久治县
40%
海南藏族自治州 兴海县
40%
海南藏族自治州 贵德县
40%
海东市 化隆回族自治县
40%
临夏回族自治州 东乡族自治县
40%
白银市 靖远县
40%
忻州市 偏关县
40%
吕梁市 柳林县
40%
临汾市 乡宁县
40%
运城市 万荣县
40%
运城市 平陆县
40%
运城市 垣曲县
40%
新乡市 原阳县
40%
新乡市 封丘县
40%
菏泽市 鄄城县
40%
济宁市 梁山县
40%
聊城市 阳谷县
40%
果洛藏族自治州 达日县
30%
果洛藏族自治州 甘德县
30%
黄南藏族自治州 尖扎县
30%
临汾市 永和县
30%
临汾市 大宁县
30%
延安市 宜川县
30%
渭南市 合阳县
30%
焦作市 温县
30%
海南藏族自治州 同德县
20%
运城市 临猗县
20%
No matching quizzes found
Score Distribution
Percent of People with Each Score
Percentile by Number Answered
Your Score History
You have not taken this quiz